Statistics for Film History Multiple Choice

Click here to take the quiz!

General Stats

  • This quiz has been taken 1,069 times
  • The average score is 10 of 14

Answer Stats

QuestionAnswer% Correct
Which genre are John Ford, Roy Rogers and Ennio Morricone most associated with?Western
88%
"The Wizard of Oz" quote: "Toto, I've a feeling we're not in ___ anymore."Kansas
86%
Who directed, produced, co-wrote, and starred in "Citizen Kane" (1941)?Orson Welles
79%
Who played Bonnie and Clyde?Faye Dunaway and Warren Beatty
78%
Which Hitchcock movie is about a wheelchair-bound man who may or may not be witnessing a murder?Rear Window
78%
"The Magnificent Seven" (1960) is a remake of which film?The Seven Samurai
78%
What is "The Jazz Singer" notable for?Introducing sound to film
76%
Which big Frenchman played the characters of Cyrano de Bergerac, Obélix and Jean Valjean?Gérard Depardieu
73%
Who is the literary character most adapted to film?Sherlock Holmes
69%
Bram Stoker's "Dracula" was famously adapted under a different name several times. Which is it?Nosferatu
67%
Which movie is said to have started the modern blockbuster era?Jaws
66%
With whom did Luis Buñuel collaborate on "An Andalusian Dog" (1929)?Salvador Dalí
55%
Which is the highest-grossing film franchise of all time?Marvel Cinematic Universe
45%
An outsider comes to a small town to play off two rivalling gangs against each other. Which director did NOT make a version of this story, based on a Dashiell Hammett novel?Luc Besson
33%

Score Distribution

Percentile by Number Answered

Percent of People with Each Score

Your Score History

You have not taken this quiz